Desarrollo humano en América Latina: reflexiones a partir de la propuesta de Amartya Sen /
En este texto se compara el desarrollo socioeconómico de México, Brasil y Argentina con base en los conceptos de Amartya Sen y el Informe sobre Desarrollo Humano del Programa de las Naciones Unidas para el Desarrollo. Primero se analiza cómo se mide el nivel de desarrollo de una nación y después se...
Saved in:
| Main Author: | |
|---|---|
| Format: | Text |
| Subjects: | |
| Tags: |
Add Tag
No Tags, Be the first to tag this record!
|
MARC
| LEADER | 00000 a a2200000 04500 | ||
|---|---|---|---|
| 001 | 3587 | ||
| 003 | |||
| 040 | |||
| 100 | |a Gontero, Sonia I. | ||
| 245 | |a Desarrollo humano en América Latina: |b reflexiones a partir de la propuesta de Amartya Sen / |c Sonia I. Gontero | ||
| 500 | |a Resumen también en inglés páginas 194 | ||
| 520 | |a En este texto se compara el desarrollo socioeconómico de México, Brasil y Argentina con base en los conceptos de Amartya Sen y el Informe sobre Desarrollo Humano del Programa de las Naciones Unidas para el Desarrollo. Primero se analiza cómo se mide el nivel de desarrollo de una nación y después se presentan algunos indicadores de privación de las libertades humanas con el fin de reflexionar sobre el grado de avance o retroceso en los países mencionados | ||
| 650 | |a DESARROLLO HUMANO | ||
| 650 | |a INDICADORES | ||
| 650 | |a DESARROLLO ECONOMICO Y SOCIAL | ||
| 650 | |a DESIGUALDAD ECONOMICA | ||
| 650 | |a DESIGUALDAD SOCIAL | ||
| 650 | |a POBREZA | ||
| 650 | |a DISTRIBUCION DEL INGRESO | ||
| 650 | |a DESEMPLEO | ||
| 650 | |a DERECHOS CIVILES | ||
| 773 | |g volumen 55, número 2; páginas 100-112 | ||
| 999 | |c 28771 |d 28771 | ||
